Berühmte Personen des Zweiten Weltkriegs nach Bild - Statistiken

Allgemein
  • Dieses Quiz wurde 817 mal gespielt
  • Das Durchschnittsergebnis liegt bei 7 aus 16
Antwortstatistiken
Bildquiz Antwort % Korrekt
Adolf Hitler
100%
Joseph Stalin
95%
Winston Churchill
86%
Benito Mussolini
70%
Franklin D. Roosevelt
68%
Erwin Rommel
54%
Dwight D. Eisenhower
52%
Hermann Göring
48%
Charles de Gaulle
46%
Hirohito
43%
Bernard Montgomery
23%
Douglas MacArthur
22%
Philippe Pétain
16%
Chiang Kai-shek
10%
Hideki Tojo
8%
Georgy Zhukov
7%
Keine übereinstimmenden Quizze gefunden
Verteilung der Resultate
Anzahl Personen mit jedem Resultat
Perzentil nach korrekt beantworteten Fragen
Ihre Resultats-Entwicklung
Sie haben dieses Quiz noch nicht gespielt